| 000 | 00437nam a2200145Ia 4500 | ||
|---|---|---|---|
| 008 | 240729s9999 xx 000 0 und d | ||
| 022 | _a2383-2096 | ||
| 245 | 0 | _aInternational Clinical Neuroscience Journal | |
| 260 | _aIran, Islamic Republic of | ||
| 260 | _bShahid Beheshti University of Medical Sciences | ||
| 650 | _aMedicine | ||
| 856 | _uhttps://doaj.org/toc/00b5a1e84f5e41fab2f00bfced85cf8b | ||
| 942 | _2ddc | ||
| 942 | _cDOAJEJ | ||
| 999 |
_c70171 _d70171 |
||
| 945 |
_a1 _bMadushi Gamage _c1 _dMadushi Gamage |
||